विज्ञान के अनन्य पथिक : (Record no. 122185)

MARC details
000 -LEADER
fixed length control field 01040nam a22002417a 4500
010 ## - LIBRARY OF CONGRESS CONTROL NUMBER
LC control number B-140548
020 ## - INTERNATIONAL STANDARD BOOK NUMBER
Terms of availability 300.00
International Standard Book Number 8181660404
035 ## - SYSTEM CONTROL NUMBER
System control number B-140548
037 ## - SOURCE OF ACQUISITION
Stock number Cen Lib / Ret
040 ## - CATALOGING SOURCE
Original cataloging agency DPL
Language of cataloging HN
082 ## - DEWEY DECIMAL CLASSIFICATION NUMBER
Classification number 509.2
Item number महंती
100 ## - MAIN ENTRY--PERSONAL NAME
Personal name महंती, सुबोध
245 ## - TITLE STATEMENT
Title विज्ञान के अनन्य पथिक :
Statement of responsibility, etc सुबोध महंती
Remainder of title विश्व के महान वैज्ञानिक की जीवन कथाऍ /
246 ## - VARYING FORM OF TITLE
Title proper/short title Vigyan ke ananya pathik/
Remainder of title by Subodh Mahanti
260 ## - PUBLICATION, DISTRIBUTION, ETC. (IMPRINT)
Place of publication, distribution, etc दिल्ली
Name of publisher, distributor, etc मेघा बुक्स
Date of publication, distribution, etc 2005
270 ## - ADDRESS
Address एक्स-11, नवीन शाहदरा
City दिल्ली
Postal code 110032
300 ## - PHYSICAL DESCRIPTION
Extent v 2. 344
Other physical details 24cm
650 ## - SUBJECT ADDED ENTRY--TOPICAL TERM
Topical term or geographic name as entry element वैज्ञानिकों --जीवनी.
650 ## - SUBJECT ADDED ENTRY--TOPICAL TERM
Topical term or geographic name as entry element अन्वेषकों -- जीवनी
650 ## - SUBJECT ADDED ENTRY--TOPICAL TERM
Topical term or geographic name as entry element Scientists -- Biography.
650 ## - SUBJECT ADDED ENTRY--TOPICAL TERM
Topical term or geographic name as entry element Inventors -- Biography.
942 ## - ADDED ENTRY ELEMENTS (KOHA)
Source of classification or shelving scheme Dewey Decimal Classification
Koha item type Hindi Books
Classification part 509.2
Call number suffix महंती
Holdings
Withdrawn status Lost status Materials specified (bound volume or other part) Damaged status Not for loan Collection code Home library Current library Date acquired Source of acquisition Cost, normal purchase price Total Checkouts Full call number Barcode Date last seen Cost, replacement price Price effective from Koha item type
    v.2   Not For Loan Reference Central Library Central Library 07/03/2016 Cen Lib/Ret 300.00   509.2 महंती B-140548 07/03/2016 300.00 07/03/2016 Hindi Books

© Delhi Public Library
Hit Counter
free hit counter